[Event "23. Torneo San Viator"]
[Site "Madrid ESP"]
[Date "2014.11.09"]
[Round "7.51"]
[White "Diaz Del Prado, Carlos"]
[Black "Sirera Andres, Dario"]
[Result "0-1"]
[WhiteElo "1288"]
[BlackElo "1370"]
[PlyCount "112"]
[EventDate "2014.09.28"]
[EventType "swiss"]
[EventRounds "9"]
[EventCountry "ESP"]
[SourceTitle "Ajedrez en Madrid"]
[Source "lmi"]
[SourceDate "2014.09.28"]
[SourceVersion "1"]
[SourceVersionDate "2014.12.18"]
[SourceQuality "1"]

1. b3 c5 2. Bb2 d6 3. e3 Nc6 4. d4 cxd4 5. exd4 Nf6 6. Nf3 g6 7. Bb5 Bd7 8. O-O
Bg7 9. Nbd2 O-O 10. c3 a6 11. Be2 b5 12. b4 Qb6 13. a3 Rfc8 14. Rc1 Be6 15. c4
bxc4 16. Bxc4 Bd5 17. Qb3 e6 18. Rfd1 a5 19. Bxd5 Nxd5 20. Nc4 Qb8 21. Bc3 axb4
22. axb4 Na5 23. Nxa5 Rxa5 24. Qb2 Rb5 25. Qa3 Nxc3 26. Rxc3 Rxc3 27. Qxc3 Rxb4
28. h3 Qb7 29. Qe3 Qd5 30. Qc3 Rc4 31. Qe3 h6 32. Qb3 Bxd4 33. Nxd4 Rxd4 34.
Qb8+ Kg7 35. Qb6 e5 36. Re1 Rd2 37. Qb1 Qa2 38. Qxa2 Rxa2 39. Rd1 Ra6 40. Kf1
Kf6 41. Rd3 Ke6 42. Re3 f5 43. f4 Ra4 44. g3 g5 45. fxe5 dxe5 46. Kg2 Re4 47.
Ra3 Rd4 48. Ra6+ Rd6 49. Ra3 Kd5 50. Ra5+ Kd4 51. Kf3 e4+ 52. Ke2 f4 53. gxf4
gxf4 54. Kd2 Rc6 55. Rf5 f3 56. Ke1 Ke3 0-1

[Event "23. Torneo San Viator"]
[Site "Madrid ESP"]
[Date "2014.11.09"]
[Round "7.52"]
[White "Jimenez Perez, Federico"]
[Black "Borras Cerda, Carlos"]
[Result "0-1"]
[WhiteElo "1334"]
[BlackElo "1384"]
[PlyCount "158"]
[EventDate "2014.09.28"]
[EventType "swiss"]
[EventRounds "9"]
[EventCountry "ESP"]
[SourceTitle "Ajedrez en Madrid"]
[Source "lmi"]
[SourceDate "2014.09.28"]
[SourceVersion "1"]
[SourceVersionDate "2014.12.18"]
[SourceQuality "1"]

1. e4 c6 2. d4 d5 3. Nc3 dxe4 4. Nxe4 Nf6 5. Ng3 e6 6. c3 Bd6 7. Nf3 Nbd7 8.
Bd3 Qc7 9. Ne4 Nxe4 10. Bxe4 Nf6 11. Bd3 h6 12. g3 b5 13. O-O Bb7 14. Re1 O-O
15. Ne5 a6 16. Bf4 Kh8 17. a3 c5 18. dxc5 Qxc5 19. Rc1 Qd5 20. f3 Bxe5 21. Rxe5
Qxf3 22. Qxf3 Bxf3 23. Kf2 Bd5 24. h3 Rac8 25. g4 Bc4 26. Bxc4 Rxc4 27. Kf3 Rd8
28. b3 Rd3+ 29. Re3 Rxe3+ 30. Bxe3 Re4 31. c4 bxc4 32. bxc4 Re5 33. c5 Rd5 34.
c6 Rd8 35. c7 Rc8 36. Bb6 Nd5 37. Ba5 Kg8 38. Ke4 f6 39. h4 Kf7 40. Rc6 Ke7 41.
Bb4+ Nxb4 42. axb4 Kd7 43. Rxa6 Rxc7 44. b5 Rc4+ 45. Kd3 Rb4 46. b6 Kc6 47. b7+
Kxb7 48. Rxe6 Rxg4 49. Re4 Rxe4 50. Kxe4 Kc6 51. h5 Kd6 52. Kf5 Ke7 53. Kg6 Kf8
54. Kf5 Kf7 55. Kf4 Ke6 56. Ke4 f5+ 57. Kf4 Kf6 58. Kg3 Kg5 59. Kf3 Kxh5 60.
Kf4 g6 61. Kg3 Kg5 62. Kf3 f4 63. Kf2 Kf5 64. Kf3 g5 65. Kf2 Ke4 66. Ke2 g4 67.
Kf2 h5 68. Ke2 h4 69. Kf2 Kd3 70. Kg2 Ke2 71. Kg1 f3 72. Kh1 f2 73. Kh2 f1=R
74. Kg2 Ra1 75. Kh2 Ra3 76. Kg2 Ra2 77. Kh1 Kf3 78. Kg1 g3 79. Kh1 Ra1# 0-1

[Event "23. Torneo San Viator"]
[Site "Madrid ESP"]
[Date "2014.11.16"]
[Round "8.1"]
[White "Renteria, Jorge"]
[Black "Garcia-Ruiz Fuentes, Angel M"]
[Result "1-0"]
[WhiteElo "2313"]
[BlackElo "2062"]
[PlyCount "75"]
[EventDate "2014.09.28"]
[EventType "swiss"]
[EventRounds "9"]
[EventCountry "ESP"]
[SourceTitle "Ajedrez en Madrid"]
[Source "lmi"]
[SourceDate "2014.09.28"]
[SourceVersion "1"]
[SourceVersionDate "2014.12.18"]
[SourceQuality "1"]

1. e4 c5 2. Nf3 d6 3. Bb5+ Nd7 4. d4 cxd4 5. Qxd4 a6 6. Bxd7+ Bxd7 7. c4 Rc8 8.
O-O Qc7 9. Nc3 Qxc4 10. Qe3 Nf6 11. Bd2 Qc5 12. Qe1 e6 13. e5 Nd5 14. Rc1 Nxc3
15. Rxc3 Qb5 16. Rxc8+ Bxc8 17. Bb4 dxe5 18. Bxf8 Rxf8 19. Qc3 Bd7 20. Nxe5 f6
21. Nc4 Qc6 22. Rd1 Kf7 23. Qd4 Bc8 24. Rc1 Kg8 25. Qe3 Rd8 26. h3 b5 27. Nb6
Qe8 28. Qc5 Bb7 29. Qc7 Rb8 30. Rc3 Be4 31. Re3 Rb7 32. Qd6 Qc6 33. Nc8 Rd7 34.
Ne7+ Rxe7 35. Qxe7 Bd5 36. Rc3 Qa8 37. Rc7 Qf8 38. Qd7 1-0

[Event "23. Torneo San Viator"]
[Site "Madrid ESP"]
[Date "2014.11.16"]
[Round "8.2"]
[White "Cabanas Bravo, Juan Andres"]
[Black "Elissalt Cardenas, Hector"]
[Result "0-1"]
[WhiteElo "2058"]
[BlackElo "2334"]
[PlyCount "58"]
[EventDate "2014.09.28"]
[EventType "swiss"]
[EventRounds "9"]
[EventCountry "ESP"]
[SourceTitle "Ajedrez en Madrid"]
[Source "lmi"]
[SourceDate "2014.09.28"]
[SourceVersion "1"]
[SourceVersionDate "2014.12.18"]
[SourceQuality "1"]

1. e4 d6 2. d4 Nf6 3. Nc3 Nbd7 4. f3 e5 5. Nge2 c6 6. Be3 Qc7 7. Qd2 Be7 8. g4
h6 9. Rg1 d5 10. O-O-O dxe4 11. d5 Nxd5 12. Nxd5 cxd5 13. Qxd5 Nf6 14. Qd2 Be6
15. Nc3 Bb4 16. Bb5+ Kf8 17. Qf2 Bxc3 18. bxc3 Qxc3 19. Rd6 Qa3+ 20. Kb1 Qxa2+
21. Kc1 Qa3+ 22. Kb1 Qb4+ 23. Kc1 Qxb5 24. Bc5 Kg8 25. Rgd1 Rc8 26. Ba3 Kh7 27.
R1d2 Qa5 28. Bb2 Qc5 29. Qe2 e3 0-1

[Event "23. Torneo San Viator"]
[Site "Madrid ESP"]
[Date "2014.11.16"]
[Round "8.3"]
[White "Sotoca Aguado, Jose"]
[Black "Perdomo Araujo, Angel Eduardo"]
[Result "1-0"]
[WhiteElo "1948"]
[BlackElo "2055"]
[PlyCount "49"]
[EventDate "2014.09.28"]
[EventType "swiss"]
[EventRounds "9"]
[EventCountry "ESP"]
[SourceTitle "Ajedrez en Madrid"]
[Source "lmi"]
[SourceDate "2014.09.28"]
[SourceVersion "1"]
[SourceVersionDate "2014.12.18"]
[SourceQuality "1"]

1. d4 d5 2. c4 e6 3. cxd5 exd5 4. Nc3 Nf6 5. Bg5 Be7 6. e3 O-O 7. Qc2 h6 8. Bh4
b6 9. Bd3 Ba6 10. Nf3 c5 11. O-O Bxd3 12. Qxd3 Nc6 13. Ne5 Nb4 14. Qf5 cxd4 15.
exd4 Qc8 16. Qf3 Rd8 17. Rac1 Qb7 18. a3 Na6 19. g4 Rac8 20. g5 hxg5 21. Bxg5
Nc7 22. Kh1 Ne6 23. Be3 Bf8 24. Rg1 b5 25. Qxf6 1-0

[Event "23. Torneo San Viator"]
[Site "Madrid ESP"]
[Date "2014.11.16"]
[Round "8.4"]
[White "Perez Ordonez, Jose Ramon"]
[Black "Lobato Rivero, Carlos"]
[Result "1/2-1/2"]
[WhiteElo "1513"]
[BlackElo "2009"]
[PlyCount "45"]
[EventDate "2014.09.28"]
[EventType "swiss"]
[EventRounds "9"]
[EventCountry "ESP"]
[SourceTitle "Ajedrez en Madrid"]
[Source "lmi"]
[SourceDate "2014.09.28"]
[SourceVersion "1"]
[SourceVersionDate "2014.12.18"]
[SourceQuality "1"]

1. d4 Nf6 2. c4 e5 3. dxe5 Ng4 4. Nf3 Bc5 5. e3 Nc6 6. Be2 O-O 7. O-O Ngxe5 8.
Nxe5 Nxe5 9. b3 Re8 10. Bb2 a5 11. Nd2 Ra6 12. Nf3 Nxf3+ 13. Bxf3 Rh6 14. g3 d6
15. Qd3 Qg5 16. Rfd1 Bg4 17. Bxg4 Qxg4 18. Qf1 f5 19. Bd4 Bxd4 20. Rxd4 Re4 21.
f3 Qh5 22. Qf2 Rxd4 23. exd4 1/2-1/2

[Event "23. Torneo San Viator"]
[Site "Madrid ESP"]
[Date "2014.11.16"]
[Round "8.5"]
[White "Nunez Miranda, Adrian"]
[Black "Lianes Garcia, Marcos"]
[Result "1-0"]
[WhiteElo "2120"]
[BlackElo "1870"]
[PlyCount "145"]
[EventDate "2014.09.28"]
[EventType "swiss"]
[EventRounds "9"]
[EventCountry "ESP"]
[SourceTitle "Ajedrez en Madrid"]
[Source "lmi"]
[SourceDate "2014.09.28"]
[SourceVersion "1"]
[SourceVersionDate "2014.12.18"]
[SourceQuality "1"]

1. e4 c5 2. Nf3 a6 3. c4 e6 4. d4 cxd4 5. Nxd4 Qc7 6. Nc3 Bb4 7. Qg4 Qe5 8.
Nde2 h5 9. Qf4 Nc6 10. a3 Be7 11. Be3 Nf6 12. f3 d6 13. Qxe5 Nxe5 14. Nd4 Bd7
15. b3 Rc8 16. Kd2 Nc6 17. Be2 O-O 18. h3 Nxd4 19. Bxd4 Bc6 20. g4 h4 21. b4
Nh7 22. f4 e5 23. fxe5 dxe5 24. Bxe5 Bg5+ 25. Kd3 Rfe8 26. Bd4 Nf6 27. Bf3 b5
28. c5 Rcd8 29. Rad1 Rd7 30. Rhe1 Red8 31. Ne2 Re8 32. Ng1 Rde7 33. e5 Nd5 34.
Kc2 Bf4 35. Bb2 Rd7 36. Re4 Ne3+ 37. Rxe3 Rxd1 38. Bxc6 Bxe3 39. Kxd1 Rd8+ 40.
Ke2 Bxg1 41. Bb7 a5 42. Bc3 a4 43. Bc6 Rb8 44. Bd7 Kf8 45. c6 Bb6 46. Kf3 Ke7
47. Ke4 g6 48. Be1 Rh8 49. Bd2 Kd8 50. Bg5+ Kc7 51. Bf6 Rg8 52. Bxh4 Rh8 53.
Bg3 Kd8 54. h4 Rh7 55. Kd5 Rh8 56. Ke4 Rh7 57. Kd5 Rh8 58. g5 Bc7 59. Kc5 Ke7
60. Kxb5 Ra8 61. Kc5 Rb8 62. b5 Ra8 63. Kd5 Rb8 64. Kc4 Rh8 65. Kb4 Ra8 66. Bf2
Bxe5 67. b6 Rb8 68. b7 Kd8 69. Bb6+ Bc7 70. Kb5 Rxb7 71. cxb7 Kxd7 72. Bxc7
Kxc7 73. Ka6 1-0

[Event "23. Torneo San Viator"]
[Site "Madrid ESP"]
[Date "2014.11.16"]
[Round "8.6"]
[White "Garcia Galeote, Lorenzo"]
[Black "Vazquez Gonzalez, Jesus"]
[Result "1/2-1/2"]
[WhiteElo "1950"]
[BlackElo "2034"]
[PlyCount "72"]
[EventDate "2014.09.28"]
[EventType "swiss"]
[EventRounds "9"]
[EventCountry "ESP"]
[SourceTitle "Ajedrez en Madrid"]
[Source "lmi"]
[SourceDate "2014.09.28"]
[SourceVersion "1"]
[SourceVersionDate "2014.12.18"]
[SourceQuality "1"]

1. c4 g6 2. Nc3 Bg7 3. d4 d6 4. e4 Nd7 5. Nge2 e5 6. d5 Ne7 7. Ng3 O-O 8. h4 f5
9. exf5 Nxf5 10. Bg5 Nf6 11. Nge4 h6 12. Bxf6 Bxf6 13. Nxf6+ Qxf6 14. Ne4 Qf7
15. Bd3 Nd4 16. Qd2 Bf5 17. O-O-O Kg7 18. f3 b5 19. Rde1 Rfb8 20. h5 g5 21. Kb1
a5 22. Ng3 bxc4 23. Nxf5+ Nxf5 24. Bxc4 Rb4 25. Qc3 Rab8 26. b3 a4 27. Re2 Ng3
28. Rxe5 Rxc4 29. Rxg5+ Kh7 30. Qd3+ Ne4 31. Rg4 axb3 32. a3 Qxd5 33. Qxd5 Nc3+
34. Kb2 Na4+ 35. Kb1 Nc3+ 36. Kb2 Na4+ 1/2-1/2

[Event "23. Torneo San Viator"]
[Site "Madrid ESP"]
[Date "2014.11.16"]
[Round "8.7"]
[White "Bustos Bernardo, Samuel"]
[Black "Garcia Ruido, Ricardo"]
[Result "0-1"]
[WhiteElo "1826"]
[BlackElo "2063"]
[PlyCount "140"]
[EventDate "2014.09.28"]
[EventType "swiss"]
[EventRounds "9"]
[EventCountry "ESP"]
[SourceTitle "Ajedrez en Madrid"]
[Source "lmi"]
[SourceDate "2014.09.28"]
[SourceVersion "1"]
[SourceVersionDate "2014.12.18"]
[SourceQuality "1"]

1. d4 Nf6 2. c4 e6 3. Nf3 d5 4. Nc3 Bb4 5. Qa4+ Nc6 6. Ne5 Bd7 7. Nxd7 Qxd7 8.
e3 e5 9. a3 exd4 10. axb4 dxc3 11. bxc3 dxc4 12. Bxc4 Qg4 13. Bf1 O-O 14. b5
Qxa4 15. Rxa4 Ne5 16. Be2 Rfd8 17. O-O Nd5 18. Ra3 Nb6 19. Rd1 Rxd1+ 20. Bxd1
Nd3 21. Ra1 Nxc1 22. Rxc1 a5 23. Bf3 Ra7 24. c4 Kf8 25. Kf1 Nd7 26. c5 b6 27.
cxb6 cxb6 28. Ke2 Nc5 29. Bd5 Ke7 30. Rc4 a4 31. Rc2 Ra5 32. Bc4 Nb7 33. Ra2 f6
34. f3 Kd6 35. Kd2 Kc5 36. Be6 Kxb5 37. Bd7+ Kb4 38. Rb2+ Kc5 39. Rc2+ Kd6 40.
Be8 Nc5 41. Rb2 Nb3+ 42. Kc3 a3 43. Ra2 Nc1 44. Ra1 Rc5+ 45. Kb4 a2 46. Ba4
Nd3+ 47. Ka3 Ra5 48. Rxa2 Nc5 49. Kb4 Rxa4+ 50. Rxa4 Nxa4 51. Kxa4 Kc5 52. h4
Kc4 53. e4 b5+ 54. Ka3 Kc3 55. Ka2 h5 56. Kb1 b4 57. Kc1 Kb3 58. Kb1 g6 59. g4
Kc4 60. Kc2 Kd4 61. Kb3 hxg4 62. fxg4 Kxe4 63. Kxb4 Kf4 64. h5 gxh5 65. gxh5
Kg5 66. Kc3 Kxh5 67. Kd3 Kg4 68. Ke2 f5 69. Kf1 Kf3 70. Kg1 Ke2 0-1

[Event "23. Torneo San Viator"]
[Site "Madrid ESP"]
[Date "2014.11.16"]
[Round "8.8"]
[White "Quispe Arteaga, Gabriel"]
[Black "Luna Hermoso, Angel"]
[Result "1-0"]
[WhiteElo "1777"]
[BlackElo "1955"]
[PlyCount "61"]
[EventDate "2014.09.28"]
[EventType "swiss"]
[EventRounds "9"]
[EventCountry "ESP"]
[SourceTitle "Ajedrez en Madrid"]
[Source "lmi"]
[SourceDate "2014.09.28"]
[SourceVersion "1"]
[SourceVersionDate "2014.12.18"]
[SourceQuality "1"]

1. d4 d5 2. e3 e5 3. dxe5 c5 4. Nf3 Nc6 5. Be2 f6 6. exf6 Nxf6 7. Nbd2 Bf5 8.
Nh4 Be6 9. O-O Bd6 10. c4 Qc7 11. g3 O-O-O 12. cxd5 Bxd5 13. Qc2 Rhe8 14. Nf5
Bf8 15. Bf3 Qe5 16. Bxd5 Rxd5 17. Nh4 g5 18. Ng2 Qe6 19. Nf3 Qg4 20. Nd2 Qh3
21. f3 Qd7 22. a3 Ne5 23. Nc4 Nd3 24. e4 Rd4 25. Be3 b5 26. Bxd4 Qxd4+ 27. Nce3
g4 28. Kh1 gxf3 29. Rxf3 Nxe4 30. Raf1 Bd6 31. Nf5 1-0

[Event "23. Torneo San Viator"]
[Site "Madrid ESP"]
[Date "2014.11.16"]
[Round "8.9"]
[White "Garcia Martin, Esteban"]
[Black "Escribano Serrano, Pedro"]
[Result "1-0"]
[WhiteElo "1917"]
[BlackElo "1771"]
[PlyCount "55"]
[EventDate "2014.09.28"]
[EventType "swiss"]
[EventRounds "9"]
[EventCountry "ESP"]
[SourceTitle "Ajedrez en Madrid"]
[Source "lmi"]
[SourceDate "2014.09.28"]
[SourceVersion "1"]
[SourceVersionDate "2014.12.18"]
[SourceQuality "1"]

1. c4 Nf6 2. Nc3 c5 3. g3 g6 4. Bg2 Bg7 5. e4 d6 6. Nge2 Nc6 7. O-O e5 8. h3
Be6 9. d3 Qc8 10. Kh2 Ng8 11. f4 Nge7 12. Nd5 f5 13. Rb1 h5 14. h4 Ng8 15. b4
Bxd5 16. cxd5 Nxb4 17. a3 Na6 18. Qa4+ Ke7 19. fxe5 dxe5 20. exf5 Nc7 21. d6+
Kxd6 22. Rxb7 Qe8 23. Qa5 Rc8 24. Be3 Nd5 25. Bxd5 Kxd5 26. Nc3+ Kd6 27. Rxg7
Nh6 28. Rxg6+ 1-0

[Event "23. Torneo San Viator"]
[Site "Madrid ESP"]
[Date "2014.11.16"]
[Round "8.10"]
[White "Soto Martin, Pablo"]
[Black "Ruiz Sanchez, Roberto"]
[Result "1-0"]
[WhiteElo "1781"]
[BlackElo "1910"]
[PlyCount "57"]
[EventDate "2014.09.28"]
[EventType "swiss"]
[EventRounds "9"]
[EventCountry "ESP"]
[SourceTitle "Ajedrez en Madrid"]
[Source "lmi"]
[SourceDate "2014.09.28"]
[SourceVersion "1"]
[SourceVersionDate "2014.12.18"]
[SourceQuality "1"]

1. e4 c6 2. d4 d5 3. Nc3 dxe4 4. Nxe4 Nd7 5. Nf3 Ngf6 6. Nxf6+ Nxf6 7. c3 Bg4
8. Bc4 e6 9. h3 Bh5 10. O-O Qc7 11. Re1 Be7 12. Qd3 O-O 13. Ne5 c5 14. dxc5
Qxc5 15. Bb3 Rfd8 16. Qg3 Nd5 17. Bg5 Bxg5 18. Qxg5 Nf6 19. Nxf7 Qxg5 20. Nxg5
Rd2 21. Bxe6+ Kh8 22. g4 Bg6 23. b3 Rc2 24. Re3 Rf8 25. f4 h6 26. f5 Be8 27.
Nf3 Bc6 28. Ne5 Rd8 29. Nf7+ 1-0

[Event "23. Torneo San Viator"]
[Site "Madrid ESP"]
[Date "2014.11.16"]
[Round "8.11"]
[White "Garcia Sanjuan, Jose"]
[Black "Gutierrez Soto, Sergio"]
[Result "1-0"]
[WhiteElo "1895"]
[BlackElo "1409"]
[PlyCount "101"]
[EventDate "2014.09.28"]
[EventType "swiss"]
[EventRounds "9"]
[EventCountry "ESP"]
[SourceTitle "Ajedrez en Madrid"]
[Source "lmi"]
[SourceDate "2014.09.28"]
[SourceVersion "1"]
[SourceVersionDate "2014.12.18"]
[SourceQuality "1"]

1. b3 e6 2. Bb2 b6 3. e3 Bb7 4. Nf3 Nf6 5. Na3 Be7 6. Nc4 O-O 7. Rg1 d5 8. Nce5
Nbd7 9. Bd3 c5 10. h3 Qc7 11. c4 a5 12. Qc2 h6 13. a4 Ne4 14. Nxd7 Qxd7 15.
Bxe4 dxe4 16. Ne5 Qc7 17. f4 h5 18. O-O-O f6 19. Ng6 Rf7 20. g4 Kh7 21. gxh5
Rd8 22. Rg2 Kh6 23. Rdg1 Bc8 24. Nxe7 Qxe7 25. Qxe4 f5 26. Rg6+ Kh7 27. Qe5 Rg8
28. h6 Qc7 29. Rxg7+ Rgxg7 30. Rxg7+ Rxg7 31. Qxg7+ Qxg7 32. hxg7 Bd7 33. Be5
Be8 34. Bc7 Kxg7 35. Bxb6 Kf6 36. Bxc5 e5 37. fxe5+ Kxe5 38. Bb6 Kd6 39. Bxa5
Kc5 40. d4+ Kc6 41. h4 Bg6 42. Kd2 Kd6 43. Bd8 Kc6 44. b4 Kd7 45. Bg5 Kc6 46.
a5 Bf7 47. d5+ Kb7 48. Kc3 Be8 49. Kd4 Ba4 50. h5 Bc2 51. h6 1-0

[Event "23. Torneo San Viator"]
[Site "Madrid ESP"]
[Date "2014.11.16"]
[Round "8.13"]
[White "Cuellar Gutierrez, Raul"]
[Black "Cano Mercado, Francisco Manuel"]
[Result "1/2-1/2"]
[WhiteElo "1690"]
[BlackElo "1885"]
[PlyCount "114"]
[EventDate "2014.09.28"]
[EventType "swiss"]
[EventRounds "9"]
[EventCountry "ESP"]
[SourceTitle "Ajedrez en Madrid"]
[Source "lmi"]
[SourceDate "2014.09.28"]
[SourceVersion "1"]
[SourceVersionDate "2014.12.18"]
[SourceQuality "1"]

1. c4 e6 2. Nc3 d5 3. e3 Nf6 4. d4 c5 5. Nf3 Nc6 6. cxd5 Nxd5 7. Bc4 Nxc3 8.
bxc3 Be7 9. Ba3 O-O 10. O-O a6 11. Bxc5 Bxc5 12. dxc5 Qa5 13. Qc2 Qxc5 14. Bd3
Qh5 15. Rfd1 e5 16. Be2 Qh6 17. Rd2 Be6 18. Rad1 Rac8 19. Qb2 b5 20. Rd6 Qf6
21. c4 e4 22. Nd4 Nxd4 23. R1xd4 bxc4 24. Rxa6 Qe5 25. Qc3 Qb5 26. Ra5 Qb6 27.
h3 h6 28. Ra4 Ra8 29. Rb4 Qc6 30. Bxc4 Rxa2 31. Qb3 Ra1+ 32. Kh2 Bxc4 33. Rbxc4
Qf6 34. Qc2 Rf1 35. Rd2 Qe5+ 36. g3 Qf5 37. Kg2 Ra1 38. Qxe4 Qb5 39. Qc2 Qb7+
40. f3 Ra3 41. Rc3 Qa7 42. Rxa3 Qxa3 43. e4 Qe3 44. Qd3 Qc5 45. Qd5 Qc3 46. f4
Qe3 47. e5 Rb8 48. Qd3 Qb6 49. Qd6 Qb3 50. f5 Rb6 51. Qd5 Qb4 52. e6 fxe6 53.
fxe6 Rb5 54. Qd8+ Kh7 55. e7 Qe4+ 56. Kh2 Re5 57. Qd3 Rxe7 1/2-1/2

[Event "23. Torneo San Viator"]
[Site "Madrid ESP"]
[Date "2014.11.16"]
[Round "8.15"]
[White "Soto Martin, Miguel"]
[Black "Martos De La Vega, Alvar"]
[Result "0-1"]
[WhiteElo "1658"]
[BlackElo "1951"]
[PlyCount "62"]
[EventDate "2014.09.28"]
[EventType "swiss"]
[EventRounds "9"]
[EventCountry "ESP"]
[SourceTitle "Ajedrez en Madrid"]
[Source "lmi"]
[SourceDate "2014.09.28"]
[SourceVersion "1"]
[SourceVersionDate "2014.12.18"]
[SourceQuality "1"]

1. e4 c5 2. Nf3 d6 3. d4 cxd4 4. Qxd4 a6 5. Be3 Nf6 6. Nc3 Nc6 7. Qd2 Ng4 8.
Bf4 h6 9. h3 g5 10. hxg4 gxf4 11. g5 Bg7 12. gxh6 Rxh6 13. Rxh6 Bxh6 14. Bc4
Bg4 15. Bd5 Qb6 16. O-O-O Bxf3 17. gxf3 Ne5 18. Rh1 Bf8 19. Qxf4 e6 20. Bb3
Qxf2 21. Ba4+ b5 22. Nxb5 axb5 23. Bxb5+ Kd8 24. Qf6+ Kc7 25. f4 Rxa2 26. Kb1
Qa7 27. c4 Ra1+ 28. Kc2 Qf2+ 29. Kb3 Qe3+ 30. Kb4 d5+ 31. c5 Bxc5# 0-1

[Event "23. Torneo San Viator"]
[Site "Madrid ESP"]
[Date "2014.11.16"]
[Round "8.16"]
[White "Gil Sierra, Jacinto"]
[Black "Sahuquillo Cruz, Alejandro"]
[Result "1-0"]
[WhiteElo "1986"]
[BlackElo "1766"]
[PlyCount "75"]
[EventDate "2014.09.28"]
[EventType "swiss"]
[EventRounds "9"]
[EventCountry "ESP"]
[SourceTitle "Ajedrez en Madrid"]
[Source "lmi"]
[SourceDate "2014.09.28"]
[SourceVersion "1"]
[SourceVersionDate "2014.12.18"]
[SourceQuality "1"]

1. e4 c5 2. Nf3 Nc6 3. d4 cxd4 4. Nxd4 e5 5. Nb5 d6 6. N1c3 a6 7. Na3 Be7 8.
Nc4 b5 9. Ne3 Nf6 10. a4 b4 11. Ncd5 Be6 12. Nxf6+ Bxf6 13. Bc4 Bxc4 14. Nxc4
Be7 15. Be3 Rb8 16. O-O Na5 17. Qd5 Nxc4 18. Qxc4 Qc8 19. Qd5 Qb7 20. Rfd1 O-O
21. Qd3 Rfc8 22. Bd2 Rd8 23. c4 a5 24. b3 Rbc8 25. Be3 Rd7 26. Qd5 Qa6 27. Qb5
Qb7 28. Rd5 Ra8 29. Rad1 Rc7 30. Bb6 Rcc8 31. Bxa5 Qxb5 32. Rxb5 Rcb8 33. Bxb4
Rxb5 34. cxb5 Rc8 35. b6 Rb8 36. a5 Bd8 37. Bxd6 Rb7 38. Bc5 1-0

[Event "23. Torneo San Viator"]
[Site "Madrid ESP"]
[Date "2014.11.16"]
[Round "8.17"]
[White "Lopez Ziegler, Carlos"]
[Black "Tevar Sanz, Gonzalo"]
[Result "1-0"]
[WhiteElo "1954"]
[BlackElo "1773"]
[PlyCount "53"]
[EventDate "2014.09.28"]
[EventType "swiss"]
[EventRounds "9"]
[EventCountry "ESP"]
[SourceTitle "Ajedrez en Madrid"]
[Source "lmi"]
[SourceDate "2014.09.28"]
[SourceVersion "1"]
[SourceVersionDate "2014.12.18"]
[SourceQuality "1"]

1. e4 e5 2. Nf3 Nc6 3. Bc4 Nf6 4. d4 exd4 5. e5 Ng4 6. Bf4 Bb4+ 7. c3 dxc3 8.
bxc3 Bc5 9. Bxf7+ Kf8 10. O-O Nxf2 11. Rxf2 Bxf2+ 12. Kxf2 Kxf7 13. Qd5+ Kf8
14. Nbd2 Qe7 15. Re1 Qf7 16. Qe4 h6 17. Kg1 b5 18. Nh4 Ke8 19. e6 dxe6 20.
Qxc6+ Ke7 21. Qxa8 g5 22. Be5 Rd8 23. Rf1 Qh5 24. Bf6+ Ke8 25. Bxd8 Kxd8 26.
Rf8+ Ke7 27. Qxc8 1-0

[Event "23. Torneo San Viator"]
[Site "Madrid ESP"]
[Date "2014.11.16"]
[Round "8.19"]
[White "Padin Lazaro, Jose Manuel"]
[Black "Alonso Penalver, Angel"]
[Result "1-0"]
[WhiteElo "1922"]
[BlackElo "1716"]
[PlyCount "111"]
[EventDate "2014.09.28"]
[EventType "swiss"]
[EventRounds "9"]
[EventCountry "ESP"]
[SourceTitle "Ajedrez en Madrid"]
[Source "lmi"]
[SourceDate "2014.09.28"]
[SourceVersion "1"]
[SourceVersionDate "2014.12.18"]
[SourceQuality "1"]

1. e4 c5 2. Nf3 e6 3. d4 cxd4 4. Nxd4 a6 5. Nc3 Qc7 6. Bd3 Nf6 7. f4 d6 8. Qf3
Nbd7 9. g4 Nc5 10. Be3 Be7 11. O-O-O b5 12. g5 Nfd7 13. Kb1 Bb7 14. Rhe1 O-O
15. h4 b4 16. Nce2 Nxd3 17. cxd3 Rac8 18. Rc1 Qa5 19. Nb3 Qb5 20. Bf2 a5 21.
Ned4 Qa6 22. h5 a4 23. Rxc8 Rxc8 24. Nc1 Nc5 25. g6 fxg6 26. hxg6 h6 27. Qh3 d5
28. e5 Rf8 29. f5 exf5 30. Nxf5 Qe6 31. Nxh6+ gxh6 32. Qxh6 Rxf2 33. Qh7+ Kf8
34. g7+ Ke8 35. g8=Q+ Kd7 36. Qxe6+ Nxe6 37. Qh3 a3 38. Ne2 d4 39. bxa3 bxa3
40. Nxd4 Rb2+ 41. Ka1 Bd5 42. Re2 Rb8 43. Nxe6 Bxe6 44. Qe3 Rc8 45. Rh2 Rc7 46.
Qd4+ Ke8 47. Rh8+ Bf8 48. Rxf8+ Kxf8 49. Qd6+ Re7 50. Qxa3 Kf7 51. Kb2 Rb7+ 52.
Kc3 Bf5 53. Qd6 Be6 54. a4 Rb3+ 55. Kd4 Bf5 56. Qf6+ 1-0

[Event "23. Torneo San Viator"]
[Site "Madrid ESP"]
[Date "2014.11.16"]
[Round "8.20"]
[White "Aguilera Lopez, Alejandro"]
[Black "Yeves Miquel, Enrique"]
[Result "1-0"]
[WhiteElo "1867"]
[BlackElo "1705"]
[PlyCount "91"]
[EventDate "2014.09.28"]
[EventType "swiss"]
[EventRounds "9"]
[EventCountry "ESP"]
[SourceTitle "Ajedrez en Madrid"]
[Source "lmi"]
[SourceDate "2014.09.28"]
[SourceVersion "1"]
[SourceVersionDate "2014.12.18"]
[SourceQuality "1"]

1. d4 Nf6 2. Nf3 e6 3. e3 d5 4. Bd3 c5 5. b3 Nc6 6. O-O Bd6 7. Bb2 O-O 8. a3 b6
9. Nbd2 Bb7 10. Ne5 Rc8 11. f4 Ne7 12. Qe2 Ne4 13. Nxe4 dxe4 14. Bc4 Nf5 15.
Rae1 Qe7 16. a4 Rfd8 17. Rd1 Bd5 18. Ba6 Bb7 19. Bc4 Bd5 20. Ba6 Bb7 21. Bxb7
Qxb7 22. c4 f6 23. Ng4 Bf8 24. Rd2 Rd7 25. Rfd1 Rcd8 26. Bc3 Be7 27. h3 Kf7 28.
Kf2 cxd4 29. exd4 g6 30. g3 h5 31. Ne3 Nxe3 32. Qxe3 f5 33. Kf1 Bf6 34. Ke2 Bg7
35. Kf1 Bf6 36. Rg2 Rh8 37. Ke2 Rhd8 38. Rd2 a6 39. g4 hxg4 40. hxg4 Rh8 41. d5
Bxc3 42. Qxc3 Rh1 43. gxf5 exf5 44. Qe5 Rh3 45. Qe6+ Kf8 46. Qxg6 1-0

[Event "23. Torneo San Viator"]
[Site "Madrid ESP"]
[Date "2014.11.16"]
[Round "8.21"]
[White "Linares Leyva, David"]
[Black "Gil Calvente, Jose Antonio"]
[Result "1/2-1/2"]
[WhiteElo "1841"]
[BlackElo "1689"]
[PlyCount "82"]
[EventDate "2014.09.28"]
[EventType "swiss"]
[EventRounds "9"]
[EventCountry "ESP"]
[SourceTitle "Ajedrez en Madrid"]
[Source "lmi"]
[SourceDate "2014.09.28"]
[SourceVersion "1"]
[SourceVersionDate "2014.12.18"]
[SourceQuality "1"]

1. Nf3 Nf6 2. c4 c5 3. g3 g6 4. Bg2 Bg7 5. O-O O-O 6. Nc3 Nc6 7. d4 cxd4 8.
Nxd4 a6 9. h3 Qc7 10. Be3 e5 11. Nf3 Rb8 12. Rc1 d6 13. a3 Be6 14. Nd5 Qd7 15.
Nb6 Qd8 16. b4 d5 17. Bc5 Re8 18. Ng5 e4 19. cxd5 Nxd5 20. Nxe6 fxe6 21. Nc4 b6
22. Be3 b5 23. Nd2 Nxe3 24. fxe3 Ne5 25. Nxe4 Nc4 26. Qb3 Qb6 27. Nc5 Nd2 28.
Qc2 Nxf1 29. Rxf1 Qd6 30. g4 Rbd8 31. Nb7 Qd2 32. Qe4 Rc8 33. Nc5 Qd6 34. Qb7
Rc7 35. Qe4 Qe5 36. Qd3 Bf8 37. Ne4 Bg7 38. Nc5 Bf6 39. Nd7 Rxd7 40. Qxd7 Qxe3+
41. Kh1 Rf8 1/2-1/2